000 00760nam a2200265Ia 4500
001 Para_4787
003 CHAP
008 220125s1951 xx 000 0 und d
010 _a203241
040 _cCHAP
090 _aPA FOLLETO 2189
100 _aMartorell, Luis F.
_972707
245 _aCotton pink bollworm control in Puerto Rico /
_c Luis F. Martorell
260 _aRío Piedras :
_b University of Puerto Rico
300 _a40 p.
440 _aPuerto Rico. Agr. Exp. Sta. Bull.; 93
_9168924
650 _aGusano rosado Algodón
_x Plagas
_9168925
901 _aPA FOLLETO 2189
902 _aA
905 _a0000001951 RIO 0000000000 00
910 _a1951
942 _cPARA
942 _cPARA
_d1
999 _c203241
_d203241